|
|
|
|
| LEADER |
00000nam0a2200000 4500 |
| 001 |
41913 |
| 005 |
20231031014737.0 |
| 010 |
|
|
|a 5934371118
|
| 035 |
|
|
|a (RuTPU)RU\TPU\book\43055
|
| 090 |
|
|
|a 41913
|
| 100 |
|
|
|a 20020704d2002 km y0rusy50 ca
|
| 101 |
0 |
|
|a rus
|
| 102 |
|
|
|a RU
|
| 105 |
|
|
|a y e 000zy
|
| 200 |
1 |
|
|a Общая биология
|a Словарь понятий и терминов
|f Т. П. Левитина, М. Г. Левитин
|
| 210 |
|
|
|a СПб.
|c Паритет
|d 2002
|
| 215 |
|
|
|a 544 с.
|
| 610 |
1 |
|
|a биология
|
| 610 |
1 |
|
|a понятия
|
| 610 |
1 |
|
|a термины
|
| 610 |
1 |
|
|a словари
|
| 675 |
|
|
|a 573(03)
|v 3
|
| 700 |
|
1 |
|a Левитина
|b Т. П.
|
| 701 |
|
1 |
|a Левитин
|b М. Г.
|
| 801 |
|
1 |
|a RU
|b 63413507
|c 20020704
|g PSBO
|
| 801 |
|
2 |
|a RU
|b 63413507
|c 20110329
|g PSBO
|
| 942 |
|
|
|c BK
|